C++ programming today / (Record no. 31638)

MARC details
000 -LEADER
fixed length control field 01142cam a22002414a 4500
005 - DATE AND TIME OF LATEST TRANSACTION
control field 20021004080932.0
008 - FIXED-LENGTH DATA ELEMENTS--GENERAL INFORMATION
fixed length control field 010305s2002 njua b 001 0 eng
010 ## - LCCN (DPL NO)
LC control number ENG-95397
020 ## - INTERNATIONAL STANDARD BOOK NUMBER
International Standard Book Number 9788120338319
Terms of availability 375.00
035 ## - SYSTEM CONTROL NUMBER
System control number EN-78930
037 ## - SOURCE OF ACQUISITION
Source of stock number/acquisition DBAD/PUB
040 ## - CATALOGING SOURCE
Original cataloging agency DPL
082 ## - DEWEY DECIMAL CLASSIFICATION NUMBER
Classification number 005.133
Edition number 21
100 ## - MAIN ENTRY--PERSONAL NAME
Personal name Johnston, Barbara.
245 ## - TITLE STATEMENT
Title C++ programming today /
Statement of responsibility, etc Barbara Johnston.
260 ## - PUBLICATION, DISTRIBUTION, ETC. (IMPRINT)
Place of publication, distribution, etc New Delhi
Name of publisher, distributor, etc PHI Learning
Date of publication, distribution, etc 2009
270 ## - ADDRESS
Address M-97, Connaught Circus
City New Delhi
Postal code 110001
300 ## - PHYSICAL DESCRIPTION
Extent xxiv, 634 p. :
Other physical details col. ill. ;
Dimensions 24 cm. (Pbk)
Accompanying material 1 computer optical disc (4 3/4 in.)
500 ## - GENERAL NOTE
General note Includes bibliographical references (p. 685) and index
942 ## - ADDED ENTRY ELEMENTS (KOHA)
Source of classification or shelving scheme Dewey Decimal Classification
Item type English Books
Call number suffix JOH
Classification part 005.133
Holdings
Withdrawn status Lost status Source of classification or shelving scheme Damaged status Not for loan Collection code Home library Current library Date acquired Source of acquisition Cost, normal purchase price Total Checkouts Full call number Barcode Date last seen Copy number Cost, replacement price Koha item type
    Dewey Decimal Classification   Not For Loan Non-fiction D.B.Act.Division D.B.Act.Division 11/11/2009 DBAD / PUB 375.00   005.133 JOH EN-78930 11/11/2009 1 375.00 English Books

© Delhi Public Library
Hit Counter
free hit counter